000 00919cam a2200253 a 4500
001 000019686
005 20200929170113.0
008 930804s1966 sp | 001 e spa d
040 _aDO-SdBNP
_bspa
_dDLC
_dBNPHU
082 _a863.3
_bC419dzU, 1966
100 1 _aUnamuno, Miguel de,
_d1864-1936.
_96254
245 1 0 _aVida de Don Quijote y Sancho :
_bsegún Miguel de Cervantes Saavedra /
_cMiguel de Unamuno.
250 _a14a ed.
260 _aMadrid :
_bEspasa-Calpe,
_c1966.
300 _a533 p. ;
_c18 cm.
490 1 _aAustral. Verde: ensayos y filosofía
_v33
504 _aIncluye índice de autores
600 1 4 _aCERVANTES SAAVEDRA, MIGUEL DE,
_d1547-1616.
_tDON QUIJOTE.
_xCRÍTICA E INTERPRETACIÓN
_942133
650 4 _aNovela española
_91123
650 4 _aLiteratura española
_9632
830 0 _aAustral.
_pVerde: ensayos y filosofía;
_v33
_98733
910 _aCatalogación derivada / LC
910 _aWM
999 _c19201
_d19201